[Event "Baku Chess Olympiad | Open"]
[Site "chess24.com"]
[Date "2016.09.13"]
[Round "11"]
[White "Harikrishna, P."]
[Black "Carlsen, Magnus"]
[Result "*"]
[Board "1"]
[WhiteID "5007003"]
[WhiteElo "2752"]
[WhiteTitle "GM"]
[WhiteCountry "IND"]
[WhiteFideId "5007003"]
[BlackID "1503014"]
[BlackElo "2857"]
[BlackTitle "GM"]
[BlackCountry "NOR"]
[BlackFideId "1503014"]

1. e4 {[%clk 1:30:57]} e5 {[%clk 1:30:51]} 2. Nf3 {[%clk 1:31:21]} Nc6 {[%clk
1:31:15]} 3. Bc4 {[%clk 1:31:00]} Bc5 {[%clk 1:31:14]} 4. O-O {[%clk 1:31:22]} d6
{[%clk 1:31:10]} 5. c3 {[%clk 1:31:16]} Nf6 {[%clk 1:31:37]} 6. d3 {[%clk
1:30:51]} h6 {[%clk 1:31:25]} 7. Re1 {[%clk 1:30:17]} O-O {[%clk 1:28:32]} 8. h3
{[%clk 1:28:10]} a6 {[%clk 1:21:59]} 9. Bb3 {[%clk 1:27:33]} b5 {[%clk 1:08:51]}
10. Nbd2 {[%clk 1:18:51]} Bb6 {[%clk 1:06:57]} 11. Nf1 {[%clk 1:18:58]} Ne7
{[%clk 1:06:42]} 12. a4 {[%clk 1:12:56]} Rb8 {[%clk 0:59:04]} 13. d4 {[%clk
1:05:52]} Ng6 {[%clk 0:56:08]} 14. Be3 {[%clk 0:59:34]} exd4 {[%clk 0:50:15]} 15.
Bxd4 {[%clk 0:57:12]} c5 {[%clk 0:32:52]} 16. Bxf6 {[%clk 0:57:28]} Qxf6 {[%clk
0:33:20]} 17. axb5 {[%clk 0:57:03]} axb5 {[%clk 0:26:47]} 18. Ne3 {[%clk
0:54:28]} Qd8 {[%clk 0:27:10]} 19. Nd5 {[%clk 0:53:20]} Bb7 {[%clk 0:27:03]} 20.
Nxb6 {[%clk 0:47:10]} Qxb6 {[%clk 0:27:30]} 21. Bd5 {[%clk 0:47:25]} Rfe8 {[%clk
0:27:09]} 22. Bxb7 {[%clk 0:42:07]} Rxb7 {[%clk 0:27:33]} 23. Qd2 {[%clk
0:39:38]} Rbe7 {[%clk 0:27:44]} 24. Rad1 {[%clk 0:40:01]} Re6 {[%clk 0:27:03]}
25. Re3 {[%clk 0:36:37]} Qc6 {[%clk 0:24:18]} 26. Qd5 {[%clk 0:30:29]} Qxd5
{[%clk 0:24:40]} 27. Rxd5 {[%clk 0:30:53]} f6 {[%clk 0:23:43]} 28. Rd1 {[%clk
0:26:19]} Ra8 {[%clk 0:23:59]} 29. b4 {[%clk 0:25:35]} Rae8 {[%clk 0:16:57]} 30.
Rde1 {[%clk 0:21:49]} Kf7 {[%clk 0:14:11]} 31. g3 {[%clk 0:18:24]} Ne7 {[%clk
0:10:21]} 32. Rb1 {[%clk 0:17:12]} f5 {[%clk 0:09:16]} 33. e5 {[%clk 0:13:24]}
cxb4 {[%clk 0:08:59]} 34. exd6 {[%clk 0:13:21]} Rxe3 {[%clk 0:08:42]} 35. fxe3
{[%clk 0:13:43]} Nc6 {[%clk 0:07:25]} 36. d7 {[%clk 0:10:34]} Rxe3 {[%clk
0:07:27]} 37. Nd4 {[%clk 0:06:20]} Nd8 {[%clk 0:07:50]} 38. Kf2 {[%clk 0:05:19]}
Rxc3 {[%clk 0:08:08]} 39. Rxb4 {[%clk 0:05:34]} Rc5 {[%clk 0:07:51]} 40. Rxb5
{[%clk 0:35:02]} Rxb5 {[%clk 0:38:05]} 41. Nxb5 {[%clk 0:35:22]} Ke7 {[%clk
0:38:16]} 42. Nd4 {[%clk 0:35:11]} g6 {[%clk 0:38:35]} 43. h4 {[%clk 0:31:24]} h5
{[%clk 0:38:55]} 44. Kf3 {[%clk 0:31:42]} Kxd7 {[%clk 0:39:20]} 45. Kf4 {[%clk
0:31:49]} Ne6+ {[%clk 0:39:43]} 46. Nxe6 {[%clk 0:32:11]} Kxe6 {[%clk 0:40:07]}
47. Kf3 {[%clk 0:32:22]} *

[Event "Baku Chess Olympiad | Open"]
[Site "chess24.com"]
[Date "2016.09.13"]
[Round "11"]
[White "Gelashvili, Tamaz"]
[Black "Can, Emre"]
[Result "0-1"]
[Board "4"]
[WhiteID "13600702"]
[WhiteElo "2575"]
[WhiteTitle "GM"]
[WhiteCountry "GEO"]
[WhiteFideId "13600702"]
[WhiteEloChange "-5"]
[BlackID "6302181"]
[BlackElo "2565"]
[BlackTitle "GM"]
[BlackCountry "TUR"]
[BlackFideId "6302181"]
[BlackEloChange "5"]

1. d4 {[%clk 1:30:50]} Nf6 {[%clk 1:30:34]} 2. Nf3 {[%clk 1:31:12]} g6 {[%clk
1:30:29]} 3. Bf4 {[%clk 1:30:56]} Bg7 {[%clk 1:30:23]} 4. e3 {[%clk 1:31:20]} O-O
{[%clk 1:29:55]} 5. h3 {[%clk 1:31:32]} d6 {[%clk 1:30:08]} 6. Be2 {[%clk
1:31:55]} b6 {[%clk 1:29:31]} 7. O-O {[%clk 1:31:17]} Bb7 {[%clk 1:26:55]} 8. c4
{[%clk 1:31:17]} Nbd7 {[%clk 1:27:14]} 9. Nc3 {[%clk 1:30:46]} Ne4 {[%clk
1:27:08]} 10. Nxe4 {[%clk 1:28:26]} Bxe4 {[%clk 1:27:34]} 11. Bh2 {[%clk
1:28:32]} c5 {[%clk 1:23:12]} 12. Rc1 {[%clk 1:27:25]} Qc7 {[%clk 1:13:08]} 13.
b3 {[%clk 1:14:16]} Qb7 {[%clk 1:12:26]} 14. d5 {[%clk 1:05:56]} Bxf3 {[%clk
1:11:39]} 15. Bxf3 {[%clk 1:02:36]} b5 {[%clk 1:08:12]} 16. cxb5 {[%clk 1:02:42]}
a6 {[%clk 1:08:22]} 17. bxa6 {[%clk 0:55:57]} Rxa6 {[%clk 1:07:36]} 18. Qc2
{[%clk 0:55:35]} Ra3 {[%clk 1:05:50]} 19. Qd2 {[%clk 0:25:47]} Rfa8 {[%clk
0:59:22]} 20. Rc2 {[%clk 0:26:15]} Nb8 {[%clk 0:50:57]} 21. Be2 {[%clk 0:21:22]}
Na6 {[%clk 0:51:00]} 22. Bxa6 {[%clk 0:21:28]} Qxa6 {[%clk 0:51:17]} 23. Bg3
{[%clk 0:18:47]} Rxa2 {[%clk 0:47:09]} 24. Bh4 {[%clk 0:19:03]} Rxc2 {[%clk
0:41:54]} 25. Qxc2 {[%clk 0:19:30]} Qb7 {[%clk 0:41:27]} 26. Rd1 {[%clk 0:18:30]}
Ra6 {[%clk 0:29:40]} 27. Rd3 {[%clk 0:10:54]} Kf8 {[%clk 0:27:54]} 28. Kh2 {[%clk
0:02:29]} Qb4 {[%clk 0:23:57]} 29. Bg3 {[%clk 0:02:49]} h5 {[%clk 0:22:31]} 30.
Bf4 {[%clk 0:00:55]} Bf6 {[%clk 0:20:44]} 31. Rd1 {[%clk 0:00:40]} Ra3 {[%clk
0:18:49]} 32. e4 {[%clk 0:00:35]} Qxb3 {[%clk 0:17:51]} 33. Qxb3 {[%clk 0:00:46]}
Rxb3 {[%clk 0:18:19]} 34. Rc1 {[%clk 0:00:56]} Bd4 {[%clk 0:17:57]} 35. Bg3
{[%clk 0:00:35]} Ke8 {[%clk 0:16:33]} 36. Rc4 {[%clk 0:00:36]} Rb4 {[%clk
0:15:37]} 37. Rc1 {[%clk 0:01:05]} g5 {[%clk 0:14:29]} 38. f3 {[%clk 0:01:03]} h4
{[%clk 0:14:15]} 39. Be1 {[%clk 0:01:26]} Ra4 {[%clk 0:14:08]} 40. Bd2 {[%clk
0:30:43]} f6 {[%clk 0:43:45]} 41. Rb1 {[%clk 0:25:55]} Ra2 {[%clk 0:41:35]} 42.
Be1 {[%clk 0:24:50]} Kd7 {[%clk 0:39:31]} 43. Rc1 {[%clk 0:21:20]} Bb2 {[%clk
0:37:50]} 44. Rb1 {[%clk 0:19:15]} c4 {[%clk 0:34:58]} 45. Bf2 {[%clk 0:19:39]}
c3 {[%clk 0:34:07]} 46. Bd4 {[%clk 0:20:05]} Kc7 {[%clk 0:34:24]} 47. Re1 {[%clk
0:06:52]} c2 {[%clk 0:32:37]} 48. Be3 {[%clk 0:06:21]} Ra1 {[%clk 0:32:47]} 49.
Re2 {[%clk 0:06:13]} c1Q {[%clk 0:32:14]} 0-1

[Event "Baku Chess Olympiad | Open"]
[Site "chess24.com"]
[Date "2016.09.13"]
[Round "11"]
[White "Laznicka, Viktor"]
[Black "Maze, Sebastien"]
[Result "*"]
[Board "2"]
[WhiteID "316385"]
[WhiteElo "2651"]
[WhiteTitle "GM"]
[WhiteCountry "CZE"]
[WhiteFideId "316385"]
[BlackID "613762"]
[BlackElo "2617"]
[BlackTitle "GM"]
[BlackCountry "FRA"]
[BlackFideId "613762"]

1. d4 {[%clk 1:30:57]} Nf6 {[%clk 1:30:55]} 2. Bg5 {[%clk 1:31:24]} d5 {[%clk
1:31:15]} 3. Nf3 {[%clk 1:30:48]} c5 {[%clk 1:29:41]} 4. c4 {[%clk 1:27:11]} cxd4
{[%clk 1:25:57]} 5. Nxd4 {[%clk 1:21:46]} Ne4 {[%clk 1:18:31]} 6. Bh4 {[%clk
1:14:27]} Qb6 {[%clk 1:03:38]} 7. Nc3 {[%clk 0:59:05]} e5 {[%clk 0:52:00]} 8. Nc2
{[%clk 0:51:12]} Nxc3 {[%clk 0:45:39]} 9. bxc3 {[%clk 0:50:52]} dxc4 {[%clk
0:38:44]} 10. e4 {[%clk 0:48:58]} Be6 {[%clk 0:34:49]} 11. Ne3 {[%clk 0:47:53]}
Bc5 {[%clk 0:27:57]} 12. Nd5 {[%clk 0:34:51]} Qc6 {[%clk 0:28:12]} 13. f3 {[%clk
0:12:07]} Nd7 {[%clk 0:27:06]} 14. Bxc4 {[%clk 0:10:25]} O-O {[%clk 0:26:02]} 15.
Qe2 {[%clk 0:06:44]} a6 {[%clk 0:25:31]} 16. Rd1 {[%clk 0:05:53]} Rfc8 {[%clk
0:23:00]} 17. Bb3 {[%clk 0:05:49]} b5 {[%clk 0:17:48]} 18. Bf2 {[%clk 0:05:31]}
Bxf2+ {[%clk 0:15:53]} 19. Kxf2 {[%clk 0:05:40]} Qc5+ {[%clk 0:15:09]} 20. Qe3
{[%clk 0:03:05]} Kf8 {[%clk 0:10:16]} 21. Rd2 {[%clk 0:02:43]} Bxd5 {[%clk
0:08:44]} 22. Qxc5+ {[%clk 0:02:41]} Nxc5 {[%clk 0:04:52]} 23. Bxd5 {[%clk
0:03:01]} Ra7 {[%clk 0:04:14]} 24. Rb1 {[%clk 0:01:03]} Ke7 {[%clk 0:04:19]} 25.
Rb4 {[%clk 0:00:57]} Ne6 {[%clk 0:01:52]} 26. c4 {[%clk 0:01:07]} Nd4 {[%clk
0:01:58]} 27. cxb5 {[%clk 0:01:13]} axb5 {[%clk 0:02:27]} 28. f4 {[%clk 0:00:48]}
f6 {[%clk 0:02:51]} 29. Rb1 {[%clk 0:01:04]} Rac7 {[%clk 0:02:19]} 30. fxe5
{[%clk 0:01:23]} fxe5 {[%clk 0:02:48]} 31. h3 {[%clk 0:01:08]} Rc2 {[%clk
0:01:29]} 32. Rxc2 {[%clk 0:01:08]} Rxc2+ {[%clk 0:01:56]} 33. Kg3 {[%clk
0:01:00]} Ne2+ {[%clk 0:01:50]} 34. Kf3 {[%clk 0:01:23]} Nc3 {[%clk 0:01:45]} 35.
Rb4 {[%clk 0:00:44]} Kd6 {[%clk 0:01:50]} 36. Bg8 {[%clk 0:00:37]} Kc5 {[%clk
0:01:53]} 37. a3 {[%clk 0:01:00]} h6 {[%clk 0:02:00]} 38. g3 {[%clk 0:01:01]} Ne2
{[%clk 0:01:55]} 39. Rb1 {[%clk 0:00:51]} h5 {[%clk 0:01:34]} 40. g4 {[%clk
0:30:43]} Nd4+ {[%clk 0:31:20]} 41. Kg3 {[%clk 0:31:08]} hxg4 {[%clk 0:30:02]}
42. Kxg4 {[%clk 0:29:23]} Rg2+ {[%clk 0:30:08]} *

[Event "Baku Chess Olympiad | Open"]
[Site "chess24.com"]
[Date "2016.09.13"]
[Round "11"]
[White "Latorre, Matias"]
[Black "Forster, Richard"]
[Result "1-0"]
[Board "4"]
[WhiteID "3701107"]
[WhiteElo "2318"]
[WhiteTitle "FM"]
[WhiteCountry "PAR"]
[WhiteFideId "3701107"]
[WhiteEloChange "14"]
[BlackID "1301764"]
[BlackElo "2459"]
[BlackTitle "IM"]
[BlackCountry "SUI"]
[BlackFideId "1301764"]
[BlackEloChange "-7"]

1. d4 {[%clk 1:30:57]} Nf6 {[%clk 1:30:48]} 2. Bf4 {[%clk 1:31:10]} g6 {[%clk
1:29:12]} 3. Nc3 {[%clk 1:31:31]} d6 {[%clk 1:26:08]} 4. e4 {[%clk 1:31:42]} Bg7
{[%clk 1:22:28]} 5. Qd2 {[%clk 1:32:08]} c6 {[%clk 1:20:41]} 6. Bh6 {[%clk
1:31:57]} Bxh6 {[%clk 1:08:45]} 7. Qxh6 {[%clk 1:32:21]} Qa5 {[%clk 1:09:02]} 8.
Bd3 {[%clk 1:28:35]} b5 {[%clk 1:05:29]} 9. Nf3 {[%clk 1:24:13]} b4 {[%clk
1:00:19]} 10. Ne2 {[%clk 1:23:48]} Bg4 {[%clk 0:55:32]} 11. Ng5 {[%clk 1:04:13]}
Bxe2 {[%clk 0:54:21]} 12. Bxe2 {[%clk 1:00:15]} Nbd7 {[%clk 0:54:44]} 13. O-O
{[%clk 0:59:36]} Rf8 {[%clk 0:37:28]} 14. a3 {[%clk 0:34:12]} c5 {[%clk 0:31:03]}
15. e5 {[%clk 0:23:15]} dxe5 {[%clk 0:29:46]} 16. dxe5 {[%clk 0:23:42]} Nxe5
{[%clk 0:29:25]} 17. Nxh7 {[%clk 0:18:37]} Nxh7 {[%clk 0:28:54]} 18. Qxh7 {[%clk
0:19:06]} Rd8 {[%clk 0:23:00]} 19. Qh3 {[%clk 0:11:59]} Qb6 {[%clk 0:14:44]} 20.
Rfd1 {[%clk 0:10:18]} g5 {[%clk 0:08:44]} 21. Qe3 {[%clk 0:09:31]} Nc6 {[%clk
0:04:12]} 22. axb4 {[%clk 0:08:26]} Nxb4 {[%clk 0:04:03]} 23. c3 {[%clk 0:07:12]}
Rxd1+ {[%clk 0:04:15]} 24. Rxd1 {[%clk 0:07:37]} Nc6 {[%clk 0:04:35]} 25. Qxg5
{[%clk 0:06:51]} Rh8 {[%clk 0:04:33]} 26. Qg7 {[%clk 0:06:42]} Rf8 {[%clk
0:04:55]} 27. Bg4 {[%clk 0:05:38]} Nb8 {[%clk 0:03:59]} 28. h4 {[%clk 0:05:44]}
e6 {[%clk 0:02:30]} 29. h5 {[%clk 0:05:05]} f5 {[%clk 0:01:49]} 30. Bf3 {[%clk
0:03:46]} Rf7 {[%clk 0:02:07]} 31. Qg8+ {[%clk 0:04:09]} Rf8 {[%clk 0:02:04]} 32.
Qg6+ {[%clk 0:04:31]} Ke7 {[%clk 0:02:11]} 33. Qg5+ {[%clk 0:04:03]} Rf6 {[%clk
0:02:11]} 34. h6 {[%clk 0:04:00]} Qc7 {[%clk 0:01:12]} 35. h7 {[%clk 0:03:23]}
Qc8 {[%clk 0:01:34]} 36. Qg7+ {[%clk 0:03:31]} Rf7 {[%clk 0:01:56]} 37. h8Q
{[%clk 0:03:43]} 1-0

[Event "Baku Chess Olympiad | Open"]
[Site "chess24.com"]
[Date "2016.09.13"]
[Round "11"]
[White "Leitao, Rafael"]
[Black "Shengelia, David"]
[Result "1-0"]
[Board "2"]
[WhiteID "2101246"]
[WhiteElo "2616"]
[WhiteTitle "GM"]
[WhiteCountry "BRA"]
[WhiteFideId "2101246"]
[WhiteEloChange "4"]
[BlackID "13601270"]
[BlackElo "2573"]
[BlackTitle "GM"]
[BlackCountry "AUT"]
[BlackFideId "13601270"]
[BlackEloChange "-4"]

1. d4 {[%clk 1:30:55]} Nf6 {[%clk 1:30:55]} 2. c4 {[%clk 1:31:14]} e6 {[%clk
1:31:17]} 3. Nf3 {[%clk 1:31:07]} d5 {[%clk 1:31:30]} 4. Nc3 {[%clk 1:31:06]} Bb4
{[%clk 1:31:46]} 5. Qa4+ {[%clk 1:28:06]} Nc6 {[%clk 1:31:21]} 6. e3 {[%clk
1:28:30]} O-O {[%clk 1:31:26]} 7. Qc2 {[%clk 1:27:04]} Re8 {[%clk 1:29:35]} 8.
Bd2 {[%clk 1:26:16]} a6 {[%clk 1:29:06]} 9. a3 {[%clk 1:20:21]} Bd6 {[%clk
1:26:15]} 10. Bd3 {[%clk 1:19:38]} dxc4 {[%clk 0:45:49]} 11. Bxc4 {[%clk
1:20:00]} h6 {[%clk 0:43:20]} 12. O-O {[%clk 0:38:32]} e5 {[%clk 0:35:41]} 13. h3
{[%clk 0:38:33]} e4 {[%clk 0:18:56]} 14. Ne1 {[%clk 0:38:18]} Bf5 {[%clk
0:17:13]} 15. f3 {[%clk 0:33:41]} Bg6 {[%clk 0:06:06]} 16. Nxe4 {[%clk 0:25:11]}
Nxe4 {[%clk 0:05:45]} 17. fxe4 {[%clk 0:25:36]} Bxe4 {[%clk 0:06:02]} 18. Bxf7+
{[%clk 0:24:57]} Kh8 {[%clk 0:06:29]} 19. Qb3 {[%clk 0:19:53]} Rf8 {[%clk
0:06:54]} 20. Nf3 {[%clk 0:18:04]} Ne7 {[%clk 0:04:37]} 21. Bb4 {[%clk 0:16:12]}
Nd5 {[%clk 0:02:34]} 22. Bxd6 {[%clk 0:09:09]} Rxf7 {[%clk 0:01:53]} 23. Bf4
{[%clk 0:09:21]} Bxf3 {[%clk 0:01:18]} 24. Rxf3 {[%clk 0:09:41]} Qd7 {[%clk
0:01:40]} 25. Raf1 {[%clk 0:06:54]} Raf8 {[%clk 0:01:59]} 26. Be5 {[%clk
0:06:47]} Rxf3 {[%clk 0:01:24]} 27. Rxf3 {[%clk 0:07:12]} Rxf3 {[%clk 0:01:44]}
28. gxf3 {[%clk 0:07:38]} c6 {[%clk 0:02:09]} 29. e4 {[%clk 0:06:50]} Nf6 {[%clk
0:02:36]} 30. Bxf6 {[%clk 0:04:15]} gxf6 {[%clk 0:03:03]} 31. Qb4 {[%clk
0:04:31]} Kg7 {[%clk 0:02:44]} 32. Kg2 {[%clk 0:04:44]} h5 {[%clk 0:01:07]} 33.
h4 {[%clk 0:04:26]} Kg6 {[%clk 0:01:18]} 34. Qc5 {[%clk 0:04:19]} Qe6 {[%clk
0:01:29]} 35. Kg3 {[%clk 0:04:20]} Qb3 {[%clk 0:01:31]} 36. Qf5+ {[%clk 0:04:21]}
Kg7 {[%clk 0:02:00]} 37. Qd7+ {[%clk 0:02:54]} Kg8 {[%clk 0:01:39]} 38. Qe8+
{[%clk 0:02:12]} Kg7 {[%clk 0:02:08]} 39. Qe7+ {[%clk 0:01:35]} Kg6 {[%clk
0:02:26]} 40. e5 {[%clk 0:30:48]} fxe5 {[%clk 0:32:35]} 41. Qg5+ {[%clk 0:30:55]}
Kf7 {[%clk 0:30:37]} 42. Qxh5+ {[%clk 0:30:18]} Kf8 {[%clk 0:31:01]} 43. Qf5+
{[%clk 0:30:27]} Kg8 {[%clk 0:31:24]} 44. Qg6+ {[%clk 0:29:13]} Kf8 {[%clk
0:29:41]} 45. dxe5 {[%clk 0:13:24]} Qxb2 {[%clk 0:29:45]} 46. e6 {[%clk 0:13:09]}
Ke7 {[%clk 0:27:15]} 47. Qf7+ {[%clk 0:10:27]} Kd6 {[%clk 0:27:38]} 48. Qd7+
{[%clk 0:10:52]} Kc5 {[%clk 0:28:06]} 49. h5 {[%clk 0:09:24]} a5 {[%clk 0:24:26]}
50. e7 {[%clk 0:07:34]} Qe5+ {[%clk 0:23:40]} 51. Kg4 {[%clk 0:07:55]} Qg7+
{[%clk 0:23:58]} 52. Kh3 {[%clk 0:08:19]} Qf6 {[%clk 0:23:21]} 53. e8Q {[%clk
0:08:02]} Qxf3+ {[%clk 0:23:47]} 54. Kh4 {[%clk 0:08:28]} 1-0

[Event "Baku Chess Olympiad | Open"]
[Site "chess24.com"]
[Date "2016.09.13"]
[Round "11"]
[White "Hossain, Enamul"]
[Black "Al-Modiahki, Mohamad"]
[Result "0-1"]
[Board "1"]
[WhiteID "10200649"]
[WhiteElo "2431"]
[WhiteTitle "GM"]
[WhiteCountry "BAN"]
[WhiteFideId "10200649"]
[WhiteEloChange "-3"]
[BlackID "12100030"]
[BlackElo "2550"]
[BlackTitle "GM"]
[BlackCountry "QAT"]
[BlackFideId "12100030"]
[BlackEloChange "3"]

1. d4 {[%clk 1:30:52]} Nf6 {[%clk 1:30:53]} 2. Nf3 {[%clk 1:31:15]} g6 {[%clk
1:31:16]} 3. c4 {[%clk 1:31:39]} Bg7 {[%clk 1:31:42]} 4. Nc3 {[%clk 1:32:02]} O-O
{[%clk 1:32:06]} 5. e4 {[%clk 1:32:11]} d6 {[%clk 1:32:32]} 6. Be2 {[%clk
1:32:23]} e5 {[%clk 1:32:56]} 7. d5 {[%clk 1:32:35]} a5 {[%clk 1:11:40]} 8. Bg5
{[%clk 1:31:57]} Qe8 {[%clk 1:07:56]} 9. Nd2 {[%clk 1:29:30]} Na6 {[%clk
1:03:58]} 10. h4 {[%clk 1:25:15]} h6 {[%clk 0:48:28]} 11. Be3 {[%clk 1:24:38]}
Qd7 {[%clk 0:44:34]} 12. h5 {[%clk 1:19:40]} Kh7 {[%clk 0:33:06]} 13. Rh4 {[%clk
1:07:45]} g5 {[%clk 0:28:34]} 14. Rh1 {[%clk 1:05:10]} Ng4 {[%clk 0:27:42]} 15.
Bxg4 {[%clk 1:04:50]} Qxg4 {[%clk 0:28:10]} 16. Qxg4 {[%clk 1:03:39]} Bxg4 {[%clk
0:28:38]} 17. f3 {[%clk 1:03:49]} Bd7 {[%clk 0:28:58]} 18. g4 {[%clk 1:04:06]}
Nb4 {[%clk 0:29:04]} 19. O-O-O {[%clk 0:58:59]} c6 {[%clk 0:13:39]} 20. dxc6
{[%clk 0:41:26]} bxc6 {[%clk 0:12:58]} 21. Ndb1 {[%clk 0:29:20]} Be6 {[%clk
0:11:24]} 22. a3 {[%clk 0:28:29]} Bxc4 {[%clk 0:10:24]} 23. Rxd6 {[%clk 0:25:46]}
Nd3+ {[%clk 0:08:00]} 24. Kc2 {[%clk 0:23:43]} Nf4 {[%clk 0:06:19]} 25. Nd2
{[%clk 0:21:15]} Ba6 {[%clk 0:04:02]} 26. Rxc6 {[%clk 0:19:55]} Bd3+ {[%clk
0:04:12]} 27. Kb3 {[%clk 0:18:11]} Ne6 {[%clk 0:01:00]} 28. Ka2 {[%clk 0:17:43]}
Nd4 {[%clk 0:01:19]} 29. Bxd4 {[%clk 0:16:43]} exd4 {[%clk 0:01:48]} 30. Nd5
{[%clk 0:17:02]} Be2 {[%clk 0:00:39]} 31. Ne7 {[%clk 0:11:56]} Be5 {[%clk
0:00:44]} 32. Nf5 {[%clk 0:11:30]} f6 {[%clk 0:01:12]} 33. Rhc1 {[%clk 0:09:42]}
d3 {[%clk 0:00:35]} 34. Nc4 {[%clk 0:03:38]} Bf4 {[%clk 0:00:57]} 35. Rc3 {[%clk
0:03:13]} Rac8 {[%clk 0:00:43]} 36. Nce3 {[%clk 0:00:45]} Rxc6 {[%clk 0:00:48]}
37. Rxc6 {[%clk 0:01:14]} d2 {[%clk 0:00:39]} 38. e5 {[%clk 0:00:24]} 0-1

[Event "Baku Chess Olympiad | Open"]
[Site "chess24.com"]
[Date "2016.09.13"]
[Round "11"]
[White "Jessel, Stephen"]
[Black "Palencia Morales, Wilson Guillermo"]
[Result "0-1"]
[Board "2"]
[WhiteID "628859"]
[WhiteElo "2367"]
[WhiteTitle "FM"]
[WhiteCountry "IRL"]
[WhiteFideId "628859"]
[WhiteEloChange "-10"]
[BlackID "4401859"]
[BlackElo "2378"]
[BlackTitle "IM"]
[BlackCountry "VEN"]
[BlackFideId "4401859"]
[BlackEloChange "10"]

1. Nf3 {[%clk 1:30:55]} f5 {[%clk 1:30:06]} 2. g3 {[%clk 1:31:05]} Nf6 {[%clk
1:30:30]} 3. Bg2 {[%clk 1:31:26]} g6 {[%clk 1:30:54]} 4. O-O {[%clk 1:31:41]} Bg7
{[%clk 1:31:22]} 5. d4 {[%clk 1:31:28]} O-O {[%clk 1:31:39]} 6. b4 {[%clk
1:31:09]} d5 {[%clk 1:31:57]} 7. c3 {[%clk 1:13:41]} Nbd7 {[%clk 1:31:44]} 8. Qb3
{[%clk 1:10:25]} e6 {[%clk 1:29:56]} 9. a4 {[%clk 1:07:35]} Re8 {[%clk 1:26:52]}
10. Nbd2 {[%clk 1:00:58]} e5 {[%clk 1:21:57]} 11. dxe5 {[%clk 0:56:31]} Nxe5
{[%clk 1:22:15]} 12. Nxe5 {[%clk 0:41:21]} Rxe5 {[%clk 1:21:57]} 13. e3 {[%clk
0:41:49]} Re8 {[%clk 1:21:07]} 14. Bb2 {[%clk 0:37:46]} Be6 {[%clk 1:20:31]} 15.
Rad1 {[%clk 0:24:39]} Qe7 {[%clk 1:19:58]} 16. Qc2 {[%clk 0:13:33]} c6 {[%clk
1:16:45]} 17. Rfe1 {[%clk 0:05:55]} Rad8 {[%clk 1:09:07]} 18. Bf1 {[%clk
0:05:32]} h5 {[%clk 1:05:34]} 19. Rb1 {[%clk 0:04:03]} h4 {[%clk 1:03:21]} 20. c4
{[%clk 0:03:32]} hxg3 {[%clk 1:03:14]} 21. hxg3 {[%clk 0:03:26]} Ne4 {[%clk
1:02:57]} 22. Nxe4 {[%clk 0:02:34]} fxe4 {[%clk 1:02:26]} 23. cxd5 {[%clk
0:02:25]} cxd5 {[%clk 1:02:01]} 24. Qc5 {[%clk 0:01:16]} Bxb2 {[%clk 0:40:45]}
25. Qxe7 {[%clk 0:00:34]} Rxe7 {[%clk 0:41:02]} 26. Rxb2 {[%clk 0:01:03]} Rc7
{[%clk 0:41:07]} 27. Rd1 {[%clk 0:00:37]} Rdc8 {[%clk 0:41:07]} 28. Bg2 {[%clk
0:00:35]} Bg4 {[%clk 0:33:47]} 29. Rf1 {[%clk 0:00:36]} Rf8 {[%clk 0:30:53]} 30.
Rd2 {[%clk 0:00:45]} Rf5 {[%clk 0:29:36]} 31. a5 {[%clk 0:00:36]} Kf7 {[%clk
0:25:07]} 32. Rb1 {[%clk 0:00:33]} Ke6 {[%clk 0:24:08]} 33. b5 {[%clk 0:00:41]}
b6 {[%clk 0:23:44]} 34. axb6 {[%clk 0:00:40]} axb6 {[%clk 0:24:09]} 35. Ra2
{[%clk 0:00:40]} Rh5 {[%clk 0:22:22]} 36. Ra6 {[%clk 0:00:34]} Bf3 {[%clk
0:20:39]} 37. Rxb6+ {[%clk 0:00:32]} Ke5 {[%clk 0:21:02]} 38. g4 {[%clk 0:00:32]}
Rh4 {[%clk 0:21:26]} 39. Rxg6 {[%clk 0:00:32]} Rch7 {[%clk 0:20:40]} 40. Rg5+
{[%clk 0:30:32]} Kd6 {[%clk 0:47:13]} 41. Rh5 {[%clk 0:25:46]} R7xh5 {[%clk
0:46:51]} 42. Bxf3 {[%clk 0:24:55]} Rh8 {[%clk 0:44:58]} 43. Bd1 {[%clk 0:24:25]}
R4h7 {[%clk 0:40:11]} 44. Kg2 {[%clk 0:17:29]} Ra8 {[%clk 0:37:39]} 45. Rb2
{[%clk 0:09:14]} Ra1 {[%clk 0:37:01]} 46. Rd2 {[%clk 0:09:26]} Rb7 {[%clk
0:31:45]} 47. Be2 {[%clk 0:05:38]} Ke5 {[%clk 0:31:41]} 48. Rb2 {[%clk 0:03:13]}
Rc1 {[%clk 0:29:58]} 49. Bf1 {[%clk 0:01:54]} Kd6 {[%clk 0:26:53]} 50. Be2 {[%clk
0:01:53]} Kc5 {[%clk 0:26:34]} 51. Ra2 {[%clk 0:01:36]} Rc7 {[%clk 0:24:45]} 52.
Bf1 {[%clk 0:01:03]} Kd6 {[%clk 0:24:39]} 53. Rb2 {[%clk 0:00:37]} R1c2 {[%clk
0:24:39]} 54. Rxc2 {[%clk 0:00:38]} Rxc2 {[%clk 0:25:05]} 55. Kg3 {[%clk
0:00:48]} Rc1 {[%clk 0:25:02]} 56. Kg2 {[%clk 0:00:49]} Ke5 {[%clk 0:25:22]} 57.
Be2 {[%clk 0:00:39]} Rc3 {[%clk 0:24:50]} 58. Kf1 {[%clk 0:00:38]} Rb3 {[%clk
0:24:33]} 59. Ke1 {[%clk 0:00:38]} Rb1+ {[%clk 0:24:13]} 60. Kd2 {[%clk 0:01:06]}
Rb2+ {[%clk 0:24:36]} 61. Ke1 {[%clk 0:01:10]} Kf6 {[%clk 0:24:38]} 62. Kf1
{[%clk 0:00:43]} Kg5 {[%clk 0:24:16]} 63. Ke1 {[%clk 0:00:45]} Kh4 {[%clk
0:23:16]} 64. f4 {[%clk 0:00:32]} exf3 {[%clk 0:22:28]} 65. Bxf3 {[%clk 0:00:58]}
Rxb5 {[%clk 0:22:50]} 66. Kf2 {[%clk 0:01:08]} Kg5 {[%clk 0:22:20]} 67. Kg3
{[%clk 0:00:55]} Kf6 {[%clk 0:22:00]} 68. Kf4 {[%clk 0:00:45]} Rb4+ {[%clk
0:22:22]} 69. e4 {[%clk 0:00:51]} Ke6 {[%clk 0:20:38]} 70. g5 {[%clk 0:00:50]} d4
{[%clk 0:19:57]} 71. Bg4+ {[%clk 0:00:59]} Ke7 {[%clk 0:20:26]} 72. Bf5 {[%clk
0:00:48]} Rb1 {[%clk 0:20:25]} 73. Kf3 {[%clk 0:00:38]} Re1 {[%clk 0:20:39]} 74.
Kf2 {[%clk 0:00:58]} Re3 {[%clk 0:20:50]} 75. Bh7 {[%clk 0:00:43]} Ke6 {[%clk
0:20:47]} 76. Bg6 {[%clk 0:00:33]} Ke7 {[%clk 0:19:11]} 77. Bh7 {[%clk 0:00:40]}
Kf7 {[%clk 0:19:09]} 78. Bf5 {[%clk 0:00:32]} Kg7 {[%clk 0:19:24]} 79. g6 {[%clk
0:00:31]} Kf6 {[%clk 0:19:20]} 80. Kg2 {[%clk 0:00:35]} d3 {[%clk 0:17:57]} 81.
e5+ {[%clk 0:00:33]} Kg7 {[%clk 0:18:21]} 82. Kf2 {[%clk 0:00:33]} d2 {[%clk
0:18:21]} 83. Kxe3 {[%clk 0:00:32]} d1Q {[%clk 0:18:43]} 84. Kf4 {[%clk 0:00:33]}
Qd4+ {[%clk 0:18:02]} 85. Be4 {[%clk 0:00:44]} Kh6 {[%clk 0:17:43]} 86. Kf5
{[%clk 0:00:54]} Qb4 {[%clk 0:17:05]} 87. Kf4 {[%clk 0:00:35]} Qe7 {[%clk
0:16:31]} 88. Kf5 {[%clk 0:00:43]} Kh5 {[%clk 0:16:02]} 89. Bf3+ {[%clk 0:00:42]}
Kh4 {[%clk 0:16:09]} 90. Be4 {[%clk 0:00:58]} Kh5 {[%clk 0:13:21]} 91. Bf3+
{[%clk 0:00:56]} Kh6 {[%clk 0:13:49]} 92. Be4 {[%clk 0:01:03]} Qh4 {[%clk
0:13:50]} 93. Bd3 {[%clk 0:00:32]} Qh3+ {[%clk 0:13:54]} 94. Ke4 {[%clk 0:00:32]}
Kxg6 {[%clk 0:14:10]} 95. Kd4+ {[%clk 0:00:35]} Kf7 {[%clk 0:14:21]} 96. Bc4+
{[%clk 0:00:31]} Ke7 {[%clk 0:14:45]} 0-1